| 000 | 00393nam a2200145Ia 4500 | ||
|---|---|---|---|
| 008 | 230917s9999||||xx |||||||||||||| ||und|| | ||
| 040 |
_e146591 _aMAIN |
||
| 041 | _aEnglish | ||
| 082 | _a301.4315 S 31E | ||
| 100 | _aS. Denzil | ||
| 245 | 0 | _aEducation of adolecents for development in India the case of doosra dashak | |
| 260 |
_aNew Delhi _bRawat _c2007 |
||
| 300 | _a216p p. | ||
| 942 | _cBK | ||
| 999 |
_c140140 _d140140 |
||